Guess The Brand! #5 - Statistics

General Stats
  • This quiz has been taken 134 times
  • The average score is 30 of 50
Answer Stats
Picture Hint Answer % Correct
Car Lamborghini
87%
Restaraunt Pizza Hut
87%
Movie Ghostbusters
83%
Sport NBA
83%
Electronics LG
81%
Web & Apps Pinterest
81%
Supplies Post It
81%
Watches Rolex
81%
Food Nestle
80%
Video Games Fortnite
79%
Hyundai
78%
Video Games Candy Crush
75%
Movie Studio Dreamworks
75%
Fashion Gucci
75%
Car Kia
74%
Fashion New Balance
74%
Electronics Canon
71%
Postal UPS
71%
Sport Chicago Bulls
69%
Web & Apps Google+
69%
Web & Apps Itunes
68%
Esso
67%
Electronics Acer
65%
Car Volvo
65%
Car Fiat
64%
Electronics Motorola
62%
Store Home Depot
61%
Drink Nescafe
61%
Telecommunications AT&T
59%
Fashion Ralph Lauren
55%
Cigarette Marlboro
54%
Video Games Mortal Kombat
54%
Drink Nespresso
53%
Car Opel
53%
Motorcycle Yamaha
52%
Airline Lufthansa
51%
Shopping Hallmark
47%
Electronics Siemens
46%
Electronics Blackberry
44%
Web & Apps Linux
44%
Medicine Pfizer
43%
Motorcycle Ducati
39%
Organization Interflora
37%
Food Kroger
37%
Fashion Sephora
37%
Fashion Burberry
33%
Web & Apps Flickr
28%
Electronics Sony Ericsson
27%
Electronics Olympus
23%
Transportation Amtrak
20%
No matching quizzes found
Score Distribution
Percent of People with Each Score
Percentile by Number Answered
Your Score History
You have not taken this quiz